Famous Italian People by Picture Quiz Stats

 Plays Quiz Updated Jul 13, 2017

Support Sporcle.
Go Orange.
Score 0/18 Timer 10:00
2 Plays Today
# Person % Correct
Benito Mussolini
82.7%
Luciano Pavarotti
81.5%
Leonardo da Vinci
78.8%
Sophia Loren
65.4%
Christopher Columbus
63.9%
Galileo Galilei
52.1%
Silvio Berlusconi
50.7%
Michelangelo
44.3%
Andrea Bocelli
43.7%
# Person % Correct
Nero
30.5%
Raphael
28.6%
Valentino Rossi
25.3%
Giuseppe Garibaldi
24%
Guglielmo Marconi
23.7%
Alessandro del Piero
21%
Enrico Fermi
20.9%
Fabio Cannavaro
18.1%
Giuseppe Verdi
16.7%

You're not logged in!

Compare scores with friends on all Sporcle quizzes.
OR
Log In
Forgot?

From the Vault

12 Days of Christmas Gifts by Any 3 Letters

by SporcleEXP

Who actually wants the gifts from that song? They seem like a hassle.
Remove Ads.
Support Sporcle.
Get the best of Sporcle when you Go Orange. This ad-free experience offers more features, more stats, and more fun while also helping to support Sporcle. Thank you for becoming a member.

Show Comments

Extras

Top Quizzes Today


Score Distribution

Your Account Isn't Verified!

In order to create a playlist on Sporcle, you need to verify the email address you used during registration. Go to your Sporcle Settings to finish the process.

Report this User

Report this user for behavior that violates our Community Guidelines.

Details: